|
|
|
|
| LEADER |
01444nam a2200313 a 4500 |
| 001 |
26274 |
| 003 |
BD-DhAAL |
| 008 |
121127s2013 maua 001 0 eng d |
| 999 |
|
|
|c 12971
|d 12971
|
| 010 |
|
|
|a 2012382536
|
| 020 |
|
|
|a 9780132936521
|
| 020 |
|
|
|a 9780273771388
|
| 020 |
|
|
|a 0273771388
|
| 020 |
|
|
|a 0132936526
|
| 040 |
|
|
|a DLC
|c DLC
|d DLC
|d BD-DhAAL.
|
| 082 |
0 |
0 |
|a 005.133
|2 23
|
| 100 |
1 |
|
|a Liang, Y. Daniel.
|9 40002
|
| 245 |
1 |
0 |
|a Introduction to Java programming :
|b comprehensive version /
|c Y. Daniel Liang.
|
| 250 |
|
|
|a 9th ed.
|
| 260 |
|
|
|a Boston :
|b Pearson,
|c c2013.
|
| 300 |
|
|
|a 1334 pages :
|b illustrations ;
|c 27 cm.
|
| 500 |
|
|
|a Includes index.
|
| 541 |
|
|
|e 00026274
|
| 650 |
|
0 |
|a Java (Computer program language)
|9 40003
|
| 852 |
4 |
|
|a Ayesha Abed Library
|j General Stacks
|
| 942 |
0 |
0 |
|0 1
|2 ddc
|c BK
|
| 952 |
|
|
|0 0
|1 2
|2 ddc
|4 0
|6 005_133000000000000_LIA
|7 0
|9 21463
|a BRACUL
|b BRACUL
|c GEN
|d 2012-11-27
|e STS International
|g 4799.00
|l 6
|m 70
|o 005.133 LIA
|p 3010026274
|q 2017-12-31
|r 2014-09-25
|s 2014-09-25
|t 1
|y BK
|x Available
|
| 952 |
|
|
|0 0
|1 0
|2 ddc
|4 0
|6 005_133000000000000_LIA
|7 0
|9 21464
|a BRACUL
|b BRACUL
|c GEN
|d 2012-11-27
|e STS International
|g 4799.00
|l 18
|m 172
|o 005.133 LIA
|p 3010026275
|r 2025-10-16
|s 2025-07-13
|t 2
|w 0000-00-00
|y BK
|x Available
|
| 952 |
|
|
|0 0
|1 0
|2 ddc
|4 0
|6 005_133000000000000_LIA
|7 0
|9 21465
|a BRACUL
|b BRACUL
|c GEN
|d 2012-11-27
|e STS International
|g 4799.00
|l 20
|m 320
|o 005.133 LIA
|p 3010026276
|r 2026-05-19
|s 2025-10-08
|t 3
|w 0000-00-00
|y BK
|x Available
|